000 00719nam a22002537a 4500
001 8039
003 FISKH
005 20250819123348.0
008 250819b cb ||||| |||| 00| 0 eng d
020 _a0853409382
040 _aFISKH
_beng
_cFISKH
_dFISKH
050 _aPZ7
100 _aLucas, Angela
245 _aThe gas in your home /
_cBy Angela and Derek Lucas
250 _aFirst published in 1982
260 _aLondon :
_bWayland Publishers Limited ,
_c1982.
300 _a32 pages :
_bcolor illustrations ;
_c19 X 23 cm .
505 _aJ
521 8 _a500
_bLexile estimate
521 8 _aJ
_bRaz-plus
700 _aLucas, Derek
_eIllustrator
942 _2ddc
_cBK
_n0
999 _c8039
_d8039